<?xml version="1.0" encoding="UTF-8"?>
<marc:record xmlns:marc="http://www.loc.gov/MARC21/slim">
   <marc:leader>00000nam a2200000 a 4500</marc:leader>
   <marc:datafield ind1="1" ind2=" " tag="100">
      <marc:subfield code="a">Szatmari, Eugen</marc:subfield>
      <marc:subfield code="4">aut</marc:subfield>
      <marc:subfield code="e">Verfasser/-in</marc:subfield>
   </marc:datafield>
   <marc:datafield ind1=" " ind2=" " tag="653">
      <marc:subfield code="a">Berlin</marc:subfield>
   </marc:datafield>
   <marc:datafield ind1="0" ind2="0" tag="245">
      <marc:subfield code="a">Berlin</marc:subfield>
   </marc:datafield>
   <marc:datafield ind1="0" ind2="0" tag="245">
      <marc:subfield code="b">der beliebteste Reiseführer der 1920er Jahre</marc:subfield>
   </marc:datafield>
   <marc:datafield ind1="0" ind2="0" tag="245">
      <marc:subfield code="c">Eugen Szatmari ; mit Originalzeichnungen von Rudolf Großmann, Erich Godal, Dolbin, Derso, Conny, Adalbert Sipos, und Heinrich Zille</marc:subfield>
   </marc:datafield>
   <marc:datafield ind1=" " ind2="1" tag="264">
      <marc:subfield code="a">Wien</marc:subfield>
      <marc:subfield code="b">Milena</marc:subfield>
      <marc:subfield code="c">2021</marc:subfield>
   </marc:datafield>
   <marc:datafield ind1="1" ind2=" " tag="520">
      <marc:subfield code="a">Eugen Szatmaris schwelgerisch-feuilletonistischer Reiseführer entführt uns in das Berlin von 1927 und ermöglicht uns wertvolle Einblicke in die damalige Zeit. Als E.T.A. Hoffmann und Heinrich Heine bei Lutter und Wegner täglich ihren Wein tranken. Als Richard Tauber mit Rudolph Valentino und Charlie Chaplin noch einen Schlummertrunk an der Bar im Adlon kippte. Als sich Alt und Jung im Jänner beim großen Bockbierfest trafen.</marc:subfield>
   </marc:datafield>
   <marc:datafield ind1=" " ind2=" " tag="020">
      <marc:subfield code="a">9783903184664</marc:subfield>
      <marc:subfield code="9">9783903184664</marc:subfield>
   </marc:datafield>
   <marc:datafield ind1=" " ind2=" " tag="020">
      <marc:subfield code="a">3903184667</marc:subfield>
      <marc:subfield code="9">3903184667</marc:subfield>
   </marc:datafield>
   <marc:datafield ind1=" " ind2=" " tag="300">
      <marc:subfield code="a">234 Seiten : Ill.</marc:subfield>
   </marc:datafield>
</marc:record>
